Don Quijote de la Mancha III
Guardado en:
| Hovedforfatter: | |
|---|---|
| Format: | Bog |
| Sprog: | Undetermined |
| Udgivet: |
Madrid, España
Espasa Calpe
1975
|
| Fag: | |
| Tags: |
Tilføj Tag
Ingen Tags, Vær først til at tagge denne postø!
|
MARC
| LEADER | 00000nam a2200000Ia 4500 | ||
|---|---|---|---|
| 008 | 170316s9999 xx 000 0 und d | ||
| 040 | |a cru BVZT | ||
| 090 | |a 862 C-37d v.3 | ||
| 100 | |a Cervantes Saavedra, Miguel de | ||
| 245 | |a Don Quijote de la Mancha III | ||
| 260 | |a Madrid, España | ||
| 260 | |b Espasa Calpe | ||
| 260 | |c 1975 | ||
| 300 | |a 278 páginas | ||
| 650 | |a LITERATURA ESPAÑOLA | ||
| 650 | |a NOVELA | ||
| 999 | |c 9683 |d 9683 | ||
| 942 | |c 15 D |h 862 C-37d v.3 |2 z | ||
